Statystyki dla Prawda czy fałsz wersja geografiiczna

Kliknij tutaj aby rozwiązać quiz!

Ogólne statystyki

  • Ten quiz został rozwiązany 71 razy
  • Średni wynik to 7 z 9

Statystyki odpowiedzi

ZagadnienieOdpowiedź% Poprawnych
Stolicą Korei południowej jest tokioFałsz
93%
Rosja to największe państwo świataPrawda
93%
Argentyna to największe państwo w Ameryce południowejFałsz
88%
Wielka brytania graniczy z FrancjąFałsz
82%
Najwyższy drapacz chmur na świecie jest w omanieFałsz
79%
Monako to drugie najmniejsze państwo na świeciePrawda
72%
Vanuatu to największa wyspa w oceanii która nie ma sąsiadów ( nie licząc Australii )Fałsz
70%
Dominikana leży na wyspie haitiPrawda
67%
Eswatini ma jednego sąsiadaFałsz
65%

Rozkład punktacji

Percentyl według liczby udzielonych odpowiedzi

Procent ludzi z każdym wynikiem

Twoja historia wyników

Nie rozwiązałeś tego quizu